| 000 | 00848cam a22002655a 4500 | ||
|---|---|---|---|
| 001 | 15870554 | ||
| 005 | 20150713104541.0 | ||
| 008 | 090817t2009 mnu frbl 001 0 eng d | ||
| 020 | _a9780314191281 | ||
| 040 |
_aDLC _beng _cDLC _dEG-ScBUE |
||
| 082 | 0 | 4 |
_a341 _bINT _222 |
| 245 | 0 | 0 |
_aInternational law : _bcases and materials / _cby Lori Fisler Damrosch ... [et al.] |
| 250 | _a5th ed. | ||
| 260 |
_aSt. Paul : _bThomson Reuters / West publishing, _cc.2009. |
||
| 300 |
_alxx, 1570 p. ; _c25 cm. |
||
| 490 | 0 | _aAmerican casebook series | |
| 500 | _aIndex : p. 1549-1570. | ||
| 504 | _aIncludes bibliographical references. | ||
| 650 | 0 |
_aInternational law _vCases. _2BUEsh |
|
| 651 | _2BUEsh | ||
| 653 |
_bBUSBOL _cJuly2015 |
||
| 655 |
_vreading book _934232 |
||
| 700 | 1 |
_aDamrosch, Lori F. _938229 _q(Lori Fisler) |
|
| 942 |
_2ddc _k341 INT |
||
| 999 |
_c20223 _d20195 |
||